000 00232nam a22000857a 4500
008 161026b xxu||||| |||| 00| 0 eng d
100 _9955
_aBlyton.E.
245 _aGood Woek, Secret Seven
260 _aLondon
_bHodder Head Publications
_c2004
999 _c3610
_d3610